000 00794nam a2200289Ia 4500
001 2022
003 IT-RoPAU
008 130308s9999 xx 000 0 und d
040 _aIT-RoPAU
040 _cIT-RoPAU
041 _aITALIANO
100 _aDe Micheli Mario
100 _gCodice Aut. SPICS: 7339
245 _aManifesto come immagine del quotidiano nella vita urbana (Il)
245 _bCento Anni di manifesti Fra Arte e Costume
250 _a1a ed.
260 _aMAZZO (MI)
260 _bIGAP
260 _c1981 [1° Ed.:1981 - Ed.Ling.Originale:1981]
300 _a"21 p. (prefazione: no ; testo: 21 [pagine: 9-29])"
650 _aAUTORI/OPERE DEL manifesto
650 _eCodice materia Spics: 6307
942 _cBK
957 _71
999 _c49040
_d49040
999 _bSI
999 _g1